000 00363nam a2200145Ia 4500
008 240729s9999 xx 000 0 und d
022 _a2397-0863
245 0 _aMaHKUscript
260 _aUnited Kingdom
260 _bUbiquity Press
650 _aFine Arts
856 _uhttps://doaj.org/toc/1a1f4ca7510140c59e7b91755747d36f
942 _2ddc
942 _cDOAJEJ
999 _c72482
_d72482
945 _a1
_bMadushi Gamage
_c1
_dMadushi Gamage